[Event "SVK-ch op"]
[Site "Ruzomberok"]
[Date "2019.07.02"]
[Round "4"]
[White "Palider, Pavol"]
[Black "Taragelova, Martina"]
[Result "1-0"]
[WhiteElo "2026"]
[BlackElo "1719"]
[PlyCount "61"]
[EventDate "2019.06.29"]
[EventType "swiss"]
[EventRounds "9"]
[EventCountry "SVK"]
[SourceTitle "CBM 191 Extra"]
[Source "ChessBase"]
[SourceDate "2019.09.30"]
[SourceVersion "1"]
[SourceVersionDate "2019.09.30"]
[SourceQuality "1"]

1. d4 d5 2. Nc3 Nf6 3. Bg5 Nbd7 4. Nf3 h6 5. Bf4 c5 6. e3 a6 7. a4 e6 8. h3 Qa5 9. Qd2 c4 10. Nb1 Bb4 11. c3 Be7 12. Be2 b5 13. 0-0 b4 14. Qc1 Ne4 15. Nfd2 Nxd2 16. Nxd2 0-0 17. e4 Re8 18. e5 Nb6 19. Bd1 Bd7 20. Bc2 Reb8 21. Nf3 Bf8 22. Bd2 b3 23. Bb1 Nxa4 24. g4 Qd8 25. g5 hxg5 26. Nxg5 Be7 27. f4 Nb6 28. Qd1 f5 29. exf6 Bxf6 30. Qh5 Nc8 31. Bh7+ 1-0

[Event "SVK-ch op"]
[Site "Ruzomberok"]
[Date "2019.06.29"]
[Round "1"]
[White "Cernekova, Martina"]
[Black "Palider, Pavol"]
[Result "0-1"]
[WhiteElo "1659"]
[BlackElo "2026"]
[PlyCount "102"]
[EventDate "2019.06.29"]
[EventType "swiss"]
[EventRounds "9"]
[EventCountry "SVK"]
[SourceTitle "CBM 191 Extra"]
[Source "ChessBase"]
[SourceDate "2019.09.30"]
[SourceVersion "1"]
[SourceVersionDate "2019.09.30"]
[SourceQuality "1"]

1. d4 e6 2. c4 d5 3. Nc3 c6 4. Nf3 Nd7 5. e4 dxc4 6. Bxc4 Ngf6 7. Bg5 Be7 8. e5 Nd5 9. Bxe7 Qxe7 10. 0-0 Nxc3 11. bxc3 0-0 12. Bd3 Rd8 13. Qc2 Nf8 14. Rfe1 b6 15. Be4 Bb7 16. Re3 Rdc8 17. Qd3 c5 18. Nd2 cxd4 19. cxd4 Bd5 20. Bxd5 exd5 21. Rh3 h6 22. Nf3 Rc4 23. Nh4 Rac8 24. g3 Ne6 25. Nf5 Qg5 26. Rh4 Rc3 27. Nxh6+ gxh6 28. Qa6 Rc1+ 29. Rxc1 Qxc1+ 30. Kg2 Rc7 31. Rg4+ Kf8 32. Qd3 Ng5 33. h4 Ne4 34. Qb3 Qc4 35. Qa3+ Ke8 36. Rg8+ Kd7 37. Qf8 Kc6 38. Qxh6+ Kb5 39. Qe3 Qxa2 40. Rd8 Rc3 41. Qf4 Rc2 42. Qe3 Nxf2 43. Kf3 Qc4 44. Kf4 Ne4 45. Kg4 Rc3 46. Qe1 Rxg3+ 47. Kh5 Rb3 48. Qa1 a5 49. Qg1 Ng3+ 50. Kg5 Qc6 51. Rd6 Ne4+ 0-1

[Event "SVK-chT2C 1819"]
[Site "Slovakia"]
[Date "2018.11.17"]
[Round "3.6"]
[White "Palider, Pavol"]
[Black "Medvec, Miroslav1111"]
[Result "1/2-1/2"]
[WhiteElo "1994"]
[BlackElo "2016"]
[PlyCount "89"]
[EventDate "2018.10.13"]
[EventType "team-tourn"]
[EventRounds "11"]
[EventCountry "SVK"]
[SourceTitle "CBM 187 Extra"]
[Source "ChessBase"]
[SourceDate "2018.11.04"]
[SourceVersion "1"]
[SourceVersionDate "2018.11.04"]
[SourceQuality "1"]
[WhiteTeam "Bziny"]
[BlackTeam "Liptov Chess School III"]
[WhiteTeamCountry "SVK"]
[BlackTeamCountry "SVK"]

1. d4 Nf6 2. Nc3 g6 3. Bf4 Bg7 4. e4 d6 5. h3 c6 6. Nf3 Qa5 7. Bd3 Nbd7 8. 0-0 0-0 9. a3 b5 10. Qd2 Re8 11. Be3 Qc7 12. d5 a6 13. Rad1 cxd5 14. exd5 Nb6 15. Bxb6 Qxb6 16. Qe3 Qxe3 17. fxe3 Nd7 18. Nd4 Bxd4 19. exd4 Bb7 20. Be4 Nb6 21. Rd3 Rac8 22. g4 a5 23. Rdf3 b4 24. axb4 axb4 25. Nd1 Bxd5 26. Bxd5 Nxd5 27. c3 f6 28. Ne3 Nxe3 29. Rxe3 bxc3 30. bxc3 Kf7 31. Rd1 Rc7 32. Kf2 Ra8 33. Ke2 Ra3 34. Kd2 e5 35. Kc2 Rc4 36. dxe5 dxe5 37. Rd7+ Ke6 38. Rxh7 Rf4 39. Kb2 Ra6 40. Rg7 g5 41. Rb7 Rf2+ 42. Kb3 Rf1 43. Rb4 Rf4 44. c4 Rf1 45. c5 1/2-1/2

[Event "SVK-chT2C 1617"]
[Site "Slovakia"]
[Date "2017.02.12"]
[Round "9.5"]
[White "Palider, Pavol"]
[Black "Listiak, Juraj"]
[Result "0-1"]
[WhiteElo "1989"]
[BlackElo "1993"]
[PlyCount "94"]
[EventDate "2016.10.08"]
[EventType "team-tourn"]
[EventRounds "11"]
[EventCountry "SVK"]
[SourceTitle "EXT 2018"]
[Source "ChessBase"]
[SourceDate "2017.10.13"]
[SourceVersion "1"]
[SourceVersionDate "2017.10.13"]
[SourceQuality "1"]
[WhiteTeam "Dolny Kubin"]
[BlackTeam "Banska Bystrica Kurta"]
[WhiteTeamCountry "SVK"]
[BlackTeamCountry "SVK"]

1. d4 d5 2. Bf4 Bf5 3. e3 e6 4. Nf3 h6 5. Ne5 Nf6 6. Be2 Be7 7. Nd2 Nbd7 8. g4 Bh7 9. c3 Nxe5 10. Bxe5 Bd6 11. Qb3 Rb8 12. Qa4+ c6 13. Bxd6 Qxd6 14. Qxa7 0-0 15. Qb6 Nd7 16. Qb4 c5 17. dxc5 Nxc5 18. Nb3 b6 19. Nd4 e5 20. Nf5 Qf6 21. Ng3 Rfd8 22. 0-0 Bd3 23. Bxd3 Nxd3 24. Qb5 e4 25. f3 Qe6 26. fxe4 dxe4 27. Nf5 Ne5 28. h3 Rd2 29. Nd4 Qd6 30. Rf4 g5 31. Nf5 Nf3+ 32. Kf1 Rd1+ 33. Kf2 Qd2+ 34. Qe2 Qxe2+ 35. Kxe2 Rxa1 36. Rxe4 Nh4 37. Ne7+ Kg7 38. Nd5 Rh1 39. Rb4 Rh2+ 40. Kd3 Rd8 41. c4 Rxh3 42. Rxb6 Ng2 43. Ke2 Re8 44. Rb3 Nf4+ 45. Kf2 Nxd5 46. cxd5 Rh2+ 47. Kg3 Rd2 0-1

[Event "Oravska Priehrada op"]
[Site "Oravska Priehrada"]
[Date "2016.08.28"]
[Round "5"]
[White "Sevcik, Lubomir"]
[Black "Palider, Pavol"]
[Result "1/2-1/2"]
[WhiteElo "1730"]
[BlackElo "2019"]
[PlyCount "75"]
[EventDate "2016.08.26"]
[EventType "swiss"]
[EventRounds "7"]
[EventCountry "SVK"]
[SourceTitle "CBM 174 Extra"]
[Source "ChessBase"]
[SourceDate "2016.10.10"]
[SourceVersion "1"]
[SourceVersionDate "2016.10.10"]
[SourceQuality "1"]

1. d4 Nf6 2. c4 Nc6 3. Nf3 d6 4. Nc3 Bg4 5. h3 Bxf3 6. exf3 e5 7. d5 Nb8 8. Ne4 Be7 9. Nxf6+ Bxf6 10. Bd3 Nd7 11. Qc2 g6 12. 0-0 0-0 13. Rb1 Bg7 14. b4 b6 15. Re1 f5 16. Bb2 a5 17. a3 Qh4 18. Bc3 axb4 19. axb4 Rfb8 20. Ra1 Qd8 21. Qb2 Bf8 22. Rxa8 Rxa8 23. Ra1 Kf7 24. Ra3 Rxa3 25. Qxa3 Qb8 26. Qa4 Qc8 27. Bc2 Nf6 28. Qa7 Be7 29. Ba4 g5 30. Bc2 Ne8 31. g4 Ng7 32. b5 fxg4 33. fxg4 h5 34. f3 Bd8 35. Be4 Qd7 36. Qa2 Qe7 37. Qc2 Qf6 38. Kg2 1/2-1/2

[Event "SVK-chT2C 1516"]
[Site "Slovakia"]
[Date "2015.12.05"]
[Round "5.1"]
[White "Palider, Pavol"]
[Black "Kostelny, Jozef"]
[Result "0-1"]
[WhiteElo "2072"]
[BlackElo "2213"]
[PlyCount "62"]
[EventDate "2015.10.17"]
[EventType "team-tourn"]
[EventRounds "11"]
[EventCountry "SVK"]
[SourceTitle "CBM 169 Extra"]
[Source "ChessBase"]
[SourceDate "2015.12.18"]
[SourceVersion "1"]
[SourceVersionDate "2015.12.18"]
[SourceQuality "1"]
[WhiteTeam "Dolny Kubin"]
[BlackTeam "Zilina"]
[WhiteTeamCountry "SVK"]
[BlackTeamCountry "SVK"]

1. e4 c5 2. Nf3 Nc6 3. d4 cxd4 4. Nxd4 Nf6 5. Nxc6 bxc6 6. Bd3 e5 7. 0-0 Bc5 8. Nd2 0-0 9. Nc4 Re8 10. Be3 Bxe3 11. Nxe3 Rb8 12. b3 d5 13. exd5 cxd5 14. c4 e4 15. Be2 d4 16. Ng4 Nxg4 17. Bxg4 f5 18. Bh3 f4 19. Bxc8 Rxc8 20. Qg4 e3 21. Qxf4 e2 22. Rfe1 d3 23. Qd2 Qd4 24. Rac1 Rc5 25. Kh1 Rd8 26. b4 Rf5 27. f3 Re5 28. Rb1 Qxc4 29. Rb2 Qd4 30. h3 Qxb2 31. Qxb2 d2 0-1

[Event "SVK-chT1E 1415"]
[Site "Slovakia"]
[Date "2015.03.15"]
[Round "11.1"]
[White "Zambor, Norbert"]
[Black "Palider, Pavol"]
[Result "1-0"]
[WhiteElo "2285"]
[BlackElo "2086"]
[PlyCount "79"]
[EventDate "2014.10.18"]
[EventType "team-tourn"]
[EventRounds "11"]
[EventCountry "SVK"]
[SourceTitle "EXT 2016"]
[Source "ChessBase"]
[SourceDate "2015.10.08"]
[SourceVersion "1"]
[SourceVersionDate "2015.10.08"]
[SourceQuality "1"]
[WhiteTeam "Margecany"]
[BlackTeam "Dolny Kubin"]
[WhiteTeamCountry "SVK"]
[BlackTeamCountry "SVK"]

1. e4 c6 2. d4 Na6 3. Nc3 Nc7 4. Bf4 d6 5. Qd2 g6 6. h4 h5 7. Bd3 Bh6 8. Nge2 e5 9. Bxh6 Nxh6 10. 0-0-0 Qe7 11. Kb1 Bd7 12. f3 0-0-0 13. Bc4 Kb8 14. a4 f6 15. a5 Nf7 16. d5 cxd5 17. Nxd5 Nxd5 18. Bxd5 Be6 19. Qb4 Bxd5 20. Rxd5 a6 21. Nc3 Rc8 22. Na4 Qc7 23. Qb3 Qc6 24. Nb6 Rc7 25. Rhd1 Rd8 26. R5d3 Qe8 27. Rc3 Rxc3 28. Qxc3 Qe6 29. Rd3 g5 30. hxg5 fxg5 31. Qd2 g4 32. Qe2 g3 33. Rb3 Ka7 34. Qe3 Kb8 35. Nd5 Rd7 36. Qb6 Nd8 37. Qxa6 h4 38. Qb6 h3 39. a6 h2 40. Qxd8+ 1-0

[Event "SVK-chT1E 1415"]
[Site "Slovakia"]
[Date "2015.03.01"]
[Round "9.1"]
[White "Palider, Pavol"]
[Black "Mede, Istvan"]
[Result "0-1"]
[WhiteElo "2086"]
[BlackElo "2306"]
[PlyCount "86"]
[EventDate "2014.10.18"]
[EventType "team-tourn"]
[EventRounds "11"]
[EventCountry "SVK"]
[SourceTitle "EXT 2016"]
[Source "ChessBase"]
[SourceDate "2015.10.08"]
[SourceVersion "1"]
[SourceVersionDate "2015.10.08"]
[SourceQuality "1"]
[WhiteTeam "Dolny Kubin"]
[BlackTeam "Jelsava"]
[WhiteTeamCountry "SVK"]
[BlackTeamCountry "SVK"]

1. d4 Nf6 2. Nc3 d6 3. e4 g6 4. Be2 Bg7 5. h4 h5 6. Nh3 0-0 7. Be3 Nc6 8. Qd2 e5 9. d5 Nd4 10. f3 c6 11. dxc6 bxc6 12. 0-0-0 Qa5 13. Bxd4 exd4 14. Qxd4 Bxh3 15. gxh3 Nd5 16. Qa4 Bh6+ 17. Rd2 Bxd2+ 18. Kxd2 Qxa4 19. Nxa4 Nf4 20. Bf1 f5 21. Nc3 fxe4 22. fxe4 Ng2 23. Be2 Nxh4 24. Rg1 Kh7 25. Ke3 Rae8 26. Bd3 Rf3+ 27. Ke2 Rxh3 28. Rg5 Re5 29. Rxe5 dxe5 30. Na4 g5 31. Nc5 Ng6 32. Kf2 g4 33. Ne6 Rf3+ 34. Kg1 Kh6 35. Nd8 Rf6 36. Ba6 h4 37. Bb7 c5 38. Bd5 h3 39. Be6 Kh5 40. Bf5 Nh4 41. Bd7 Nf3+ 42. Kh1 Rd6 43. Be8+ Kh4 0-1

[Event "SVK-chT1E 1415"]
[Site "Slovakia"]
[Date "2015.01.31"]
[Round "7.2"]
[White "Trgina, Daniel"]
[Black "Palider, Pavol"]
[Result "1-0"]
[WhiteElo "2203"]
[BlackElo "2086"]
[PlyCount "57"]
[EventDate "2014.10.18"]
[EventType "team-tourn"]
[EventRounds "11"]
[EventCountry "SVK"]
[SourceTitle "EXT 2016"]
[Source "ChessBase"]
[SourceDate "2015.10.08"]
[SourceVersion "1"]
[SourceVersionDate "2015.10.08"]
[SourceQuality "1"]
[WhiteTeam "Banska Bystrica CVC"]
[BlackTeam "Dolny Kubin"]
[WhiteTeamCountry "SVK"]
[BlackTeamCountry "SVK"]

1. e4 g6 2. d4 Bg7 3. Nc3 d6 4. f4 c5 5. dxc5 Qa5 6. cxd6 Bxc3+ 7. bxc3 Qxc3+ 8. Bd2 Qd4 9. Bd3 Qxd6 10. Nf3 Nc6 11. 0-0 Bg4 12. h3 Bxf3 13. Qxf3 0-0-0 14. e5 Qd5 15. Be4 Qxd2 16. Bxc6 Qd4+ 17. Kh2 Qb6 18. Be4 Qc7 19. Rfb1 b6 20. a4 e6 21. Ra3 Kd7 22. Rc3 Qb8 23. Rd1+ Ke7 24. Rxd8 Qxd8 25. Bb7 Qd4 26. Rc8 f6 27. Qa3+ Kd7 28. Qf8 Qxf4+ 29. g3 1-0

[Event "SVK-chT1E 1314"]
[Site "Slovakia"]
[Date "2013.12.15"]
[Round "6.1"]
[White "Kociscak, Jiri"]
[Black "Palider, Pavol"]
[Result "1-0"]
[WhiteElo "2421"]
[BlackElo "2114"]
[PlyCount "55"]
[EventDate "2013.10.12"]
[EventType "team-tourn"]
[EventRounds "11"]
[EventCountry "SVK"]
[SourceTitle "EXT 2015"]
[Source "ChessBase"]
[SourceDate "2014.11.20"]
[SourceVersion "1"]
[SourceVersionDate "2014.11.20"]
[SourceQuality "1"]
[WhiteTeam "Zilina Mladost"]
[BlackTeam "Dolny Kubin"]
[WhiteTeamCountry "SVK"]
[BlackTeamCountry "SVK"]

1. d4 Nf6 2. c4 Nc6 3. Nf3 d6 4. Nc3 Bg4 5. d5 Bxf3 6. exf3 Ne5 7. f4 Ned7 8. g4 g6 9. Be3 c5 10. Be2 Nb6 11. g5 Nfd7 12. h4 h5 13. Qc2 a6 14. a4 a5 15. Nb5 Bg7 16. 0-0-0 Nb8 17. f5 gxf5 18. Bd3 Na6 19. Bxf5 Nb4 20. Qe4 Nxa4 21. g6 Bxb2+ 22. Kd2 Bf6 23. gxf7+ Kf8 24. Be6 Nb2 25. Rhg1 Nxc4+ 26. Qxc4 Bg7 27. Rxg7 Kxg7 28. Rg1+ 1-0

[Event "SVK-chT1E 1314"]
[Site "Slovakia"]
[Date "2013.12.14"]
[Round "5.2"]
[White "Palider, Pavol"]
[Black "Palecek, Peter"]
[Result "0-1"]
[WhiteElo "2114"]
[BlackElo "2212"]
[PlyCount "114"]
[EventDate "2013.10.12"]
[EventType "team-tourn"]
[EventRounds "11"]
[EventCountry "SVK"]
[SourceTitle "EXT 2015"]
[Source "ChessBase"]
[SourceDate "2014.11.20"]
[SourceVersion "1"]
[SourceVersionDate "2014.11.20"]
[SourceQuality "1"]
[WhiteTeam "Dolny Kubin"]
[BlackTeam "Liptov Chess School"]
[WhiteTeamCountry "SVK"]
[BlackTeamCountry "SVK"]

1. d4 d5 2. Nc3 Nf6 3. Bg5 Nbd7 4. Nf3 g6 5. h3 c6 6. Qd2 Bg7 7. e3 h6 8. Bf4 Ne4 9. Nxe4 dxe4 10. Ng1 0-0 11. Bc4 e5 12. dxe5 Nxe5 13. Qxd8 Rxd8 14. Bxe5 Bxe5 15. c3 Kf8 16. Ne2 Ke7 17. Nd4 c5 18. Nb3 b6 19. Nd2 Bb7 20. 0-0-0 Bc6 21. Bb3 Bc7 22. Bc2 f5 23. f3 exf3 24. gxf3 Kf6 25. Rhf1 Rd7 26. Rf2 Re8 27. Nf1 Rxd1+ 28. Bxd1 Rd8 29. Be2 g5 30. Kc2 Ba4+ 31. b3 Bd7 32. f4 Bc6 33. Bd3 gxf4 34. exf4 Rg8 35. Ne3 Rg3 36. Nc4 Rf3 37. Rxf3 Bxf3 38. Ne3 Bxf4 39. Nxf5 Bg2 40. Nh4 Bxh3 41. Be4 Bg3 42. Bg2 Bxg2 43. Nxg2 h5 44. Kd3 Ke5 45. Ke3 h4 46. Kf3 h3 47. Ne3 h2 48. Nc4+ Ke6 49. Kg2 Bf4 50. Na3 Kd5 51. Nb5 Bb8 52. Na3 Ke4 53. b4 Kd3 54. bxc5 bxc5 55. Nb5 a6 56. Na3 Kxc3 57. Nb1+ Kd3 0-1

[Event "Oravska Priehrada op"]
[Site "Oravska Priehrada"]
[Date "2013.08.11"]
[Round "6"]
[White "Galvanek, Ladislav"]
[Black "Palider, Pavol"]
[Result "1/2-1/2"]
[WhiteElo "2052"]
[BlackElo "2129"]
[PlyCount "97"]
[EventDate "2013.08.09"]
[EventType "swiss"]
[EventRounds "7"]
[EventCountry "SVK"]
[SourceTitle "CBM 155 Extra"]
[Source "ChessBase"]
[SourceDate "2013.08.26"]
[SourceVersion "1"]
[SourceVersionDate "2013.08.26"]
[SourceQuality "1"]

1. d4 g6 2. Nf3 Bg7 3. Bf4 d6 4. e3 Nf6 5. h3 c6 6. Be2 Nbd7 7. 0-0 0-0 8. c4 Ne4 9. Qc2 f5 10. Bd3 Ndf6 11. Nbd2 Nxd2 12. Qxd2 b6 13. Rac1 Bb7 14. Rfd1 Qd7 15. b4 c5 16. bxc5 Bxf3 17. gxf3 Nh5 18. Bh2 bxc5 19. dxc5 dxc5 20. Qa5 Qc6 21. Be2 f4 22. Rd5 Rac8 23. Rcd1 fxe3 24. fxe3 Qe6 25. Rd8 Qxe3+ 26. Kf1 Bd4 27. R8xd4 Rxf3+ 28. Bxf3 Qxf3+ 29. Kg1 Qe3+ 30. Kh1 cxd4 31. Qd5+ e6 32. Qxd4 Qxh3 33. Kg1 Rf8 34. c5 Ng3 35. Qd3 Qg4 36. Bxg3 Rf3 37. Qd8+ Rf8 38. Qd6 e5 39. Qd5+ Rf7 40. Kh2 Qe2+ 41. Kh3 h5 42. Bxe5 Qg4+ 43. Kh2 Qh4+ 44. Kg2 Qg4+ 45. Kh1 Qh3+ 46. Kg1 Qg4+ 47. Kh1 Qh3+ 48. Kg1 Qg4+ 49. Kh1 1/2-1/2

[Event "SVK-chT2C 1213"]
[Site "Slovakia"]
[Date "2012.12.15"]
[Round "5.1"]
[White "Palecek, Peter"]
[Black "Palider, Pavol"]
[Result "1/2-1/2"]
[WhiteElo "2225"]
[BlackElo "2123"]
[PlyCount "64"]
[EventDate "2012.10.13"]
[EventType "team-tourn"]
[EventRounds "11"]
[EventCountry "SVK"]
[SourceTitle "EXT 2015"]
[Source "ChessBase"]
[SourceDate "2014.11.20"]
[SourceVersion "1"]
[SourceVersionDate "2014.11.20"]
[SourceQuality "1"]
[WhiteTeam "Liptov Chess School II"]
[BlackTeam "Dolny Kubin"]
[WhiteTeamCountry "SVK"]
[BlackTeamCountry "SVK"]

1. d4 g6 2. e4 Bg7 3. Nc3 d6 4. Be3 Nf6 5. Qd2 c6 6. f3 Qa5 7. Nge2 Nbd7 8. Nc1 Qc7 9. Be2 h5 10. Nd3 a6 11. Rd1 c5 12. dxc5 dxc5 13. Nxc5 Nxc5 14. Bxc5 0-0 15. Be3 Be6 16. 0-0 Rfd8 17. Qc1 b5 18. a3 Ne8 19. Rxd8 Rxd8 20. Rd1 Rc8 21. Bd4 Bxd4+ 22. Rxd4 Nd6 23. Rd2 Bc4 24. Bd3 Bxd3 25. cxd3 b4 26. axb4 Qb6+ 27. Kh1 Qxb4 28. Qd1 e6 29. h3 Rd8 30. Qa4 Qxa4 31. Nxa4 Nc4 32. Rc2 Ne3 1/2-1/2

[Event "SVK-chT2C 10/11"]
[Site "Slovakia"]
[Date "2011.01.08"]
[Round "5.2"]
[White "Druska, Juraj"]
[Black "Palider, Pavol"]
[Result "1-0"]
[WhiteElo "2243"]
[BlackElo "2152"]
[PlyCount "67"]
[EventDate "2010.10.23"]
[EventType "team-tourn"]
[EventRounds "11"]
[EventCountry "SVK"]
[SourceTitle "EXT 2019"]
[Source "ChessBase"]
[SourceDate "2018.10.10"]
[SourceVersion "1"]
[SourceVersionDate "2018.10.10"]
[SourceQuality "1"]
[WhiteTeam "Liptov Chess School II"]
[BlackTeam "Dolny Kubin"]
[WhiteTeamCountry "SVK"]
[BlackTeamCountry "SVK"]

1. Nf3 c5 2. g3 g6 3. Bg2 Bg7 4. e4 Nc6 5. 0-0 Nf6 6. d3 0-0 7. Nbd2 d6 8. c3 Ng4 9. Qe2 Bd7 10. h3 Nge5 11. Nh2 f6 12. f4 Nf7 13. h4 Qc8 14. Ndf3 e5 15. h5 Bg4 16. hxg6 hxg6 17. f5 Bxf3 18. Bxf3 g5 19. Bh5 Nh6 20. Bg6 Ne7 21. Qh5 Nxg6 22. fxg6 Qe6 23. Rf5 Rfc8 24. Bxg5 Nxf5 25. exf5 Qe7 26. Qh7+ Kf8 27. Bh6 Ke8 28. Qxg7 c4 29. Ng4 Qxg7 30. Bxg7 cxd3 31. Nxf6+ Ke7 32. Rd1 Rg8 33. Nxg8+ Rxg8 34. f6+ 1-0

[Event "SVK-chT2C 0910"]
[Site "Slovakia"]
[Date "2010.02.28"]
[Round "11.3"]
[White "Palider, Pavol"]
[Black "Csolto, Tibor"]
[Result "1-0"]
[WhiteElo "2095"]
[BlackElo "2138"]
[PlyCount "83"]
[EventDate "2009.10.10"]
[EventType "team-tourn"]
[EventRounds "11"]
[EventCountry "SVK"]
[SourceTitle "EXT 2011"]
[Source "ChessBase"]
[SourceDate "2010.11.26"]
[SourceVersion "1"]
[SourceVersionDate "2010.11.26"]
[SourceQuality "1"]
[WhiteTeam "Dolny Kubin"]
[BlackTeam "Jelsava"]
[WhiteTeamCountry "SVK"]
[BlackTeamCountry "SVK"]

1. d4 Nf6 2. c4 c5 3. d5 b5 4. Nc3 b4 5. Na4 d6 6. b3 g6 7. Bb2 Bg7 8. e3 Bd7 9. Bd3 Bxa4 10. bxa4 Nbd7 11. Bc2 0-0 12. Ne2 Nb6 13. Bb3 a5 14. 0-0 Qd7 15. Ng3 h5 16. h3 e6 17. dxe6 Qxe6 18. Qc2 Rfe8 19. Rad1 Rad8 20. Rfe1 h4 21. Ne2 g5 22. Rd3 Nh5 23. Bxg7 Kxg7 24. Red1 g4 25. Qb2+ Kg8 26. Nf4 Nxf4 27. exf4 f5 28. Qd2 Qg6 29. hxg4 fxg4 30. Bc2 Qf6 31. Re3 Rxe3 32. Qxe3 Nd7 33. Rd5 Nf8 34. Rf5 Qc3 35. Qe7 Qa1+ 36. Kh2 g3+ 37. fxg3 hxg3+ 38. Kxg3 Qc3+ 39. Kg4 Qxc2 40. Rg5+ Ng6 41. Qxd8+ Kg7 42. Qe7+ 1-0